Normal view
MARC view
- Pottinger, Marin G Yager, T.J
Entry Personal Name
001 - CONTROL NUMBER
- control field: 62064
003 - CONTROL NUMBER IDENTIFIER
- control field: NUST
005 - DATE AND TIME OF LATEST TRANSACTION
- control field: 20210628202853.0
008 - FIXED-LENGTH DATA ELEMENTS
- fixed length control field: 210628|| aca||aabn | a|a d
040 ## - CATALOGING SOURCE
- Original cataloging agency: NUST
- Transcribing agency: NUST
100 ## - HEADING--PERSONAL NAME
- Personal name: Pottinger, Marin G Yager, T.J
670 ## - SOURCE DATA FOUND
- Source citation: Work cat.: (NUST): Pottinger, Marin G Yager, T.J, The tire pavement interface, 1986
